[Event "EU-ch Online U2300 Qual"]
[Site "Chess.com INT"]
[Date "2020.05.25"]
[Round "2"]
[White "Samaridis, Konstantinos"]
[Black "Acikel, Mert"]
[Result "1/2-1/2"]
[WhiteElo "2105"]
[BlackElo "2149"]
[PlyCount "139"]
[EventDate "2020.05.25"]
[EventType "swiss"]
[EventRounds "8"]
[EventCountry "NET"]
[SourceTitle "EXT 2021"]
[Source "ChessBase"]
[SourceDate "2020.10.23"]
[SourceVersion "1"]
[SourceVersionDate "2020.10.23"]
[SourceQuality "1"]

1. e4 e5 2. Nf3 Nc6 3. Nc3 Nf6 4. d4 exd4 5. Nxd4 Bb4 6. Nxc6 bxc6 7. Bd3 0-0 8. 0-0 Re8 9. Bg5 h6 10. Bh4 Be7 11. e5 Nd5 12. Bxe7 Qxe7 13. Nxd5 cxd5 14. f4 d6 15. Qf3 Rb8 16. b3 dxe5 17. fxe5 Be6 18. Rae1 Qg5 19. Qf2 a5 20. Qc5 Qe7 21. Qxe7 Rxe7 22. Rf4 Rb4 23. Ref1 c5 24. a3 Rxf4 25. Rxf4 Bd7 26. Bf5 Bc6 27. b4 axb4 28. axb4 cxb4 29. Rxb4 Rxe5 30. Rb8+ Re8 31. Rb6 Ba8 32. Kf2 Rd8 33. Bd3 d4 34. Ra6 Bd5 35. Ra4 Bc6 36. Ra6 Rd6 37. Ra7 g6 38. Bc4 Bd7 39. Ke2 Kg7 40. Ra5 Kf6 41. Rd5 Rxd5 42. Bxd5 Be6 43. Be4 Ke5 44. Kd3 f5 45. Bc6 Bd5 46. Be8 g5 47. g3 f4 48. gxf4+ gxf4 49. Ke2 Be4 50. Ba4 Kf5 51. Bd7+ Kg5 52. Ba4 Kh4 53. Kf1 Kh3 54. Kg1 Bf5 55. Bb3 h5 56. Ba4 h4 57. Bb3 Kg4 58. Kf2 Be4 59. Be6+ Bf5 60. Bb3 Kh3 61. Kg1 f3 62. Ba4 Bg4 63. Kf2 Kxh2 64. Bc6 Bf5 65. Ba4 Be4 66. Bb3 Kh3 67. Be6+ Kh2 68. Bb3 Kh3 69. Be6+ Kh2 70. Bb3 1/2-1/2